000
00204 a2200097 4500
001
7195
100
_a
Korn, G.A
245
_a
Random process simulation
260
_a
_b
Mcgrawhill
_c
090
_c
5963
_d
5963
942
_a
NUST-CAE
_c
M
_c
32448
999
_c
242268
_d
242268